00686nam a2200169 a 450000100100000000500170001000800410002704000250006808200170009310000180011024501250012826000380025330000450029150000660033650400730040250400410047500001606220200929164246.0100224s1985 dr acd 000 0 spa d aDO-SdBNPbspacBNPHU axxxxxbR175o1 aRamos, Milcia10aOrientación profesional :buna nueva perspectiva para mejorar los servicios de salud e higiene mental /cMilcia Ramos. a[Santo Domingo] :b[s.n.],c1985. a183 p. :bil., retrs. y diagr. ;c21 cm. aIncluye datos biográficos de la autora en la contracubierta aIncluye referencias bibliográficas y notas al pie de las páginas aIncluye bibliografías (p. 179-183)